| 000 | 00476nam a22001697a 4500 | ||
|---|---|---|---|
| 003 | PILC | ||
| 005 | 20151015093538.0 | ||
| 008 | 151015b xxu||||| |||| 00| 0 eng d | ||
| 020 | _a1888777214 | ||
| 020 | _a1888777311 | ||
| 020 | _a1888777397 | ||
| 050 |
_aPE 1628 _b.N532 1997 |
||
| 245 | _aWebster's pocket computer dictionary of the english language / | ||
| 260 |
_aUSA : _bTrident Press International, _c1997. |
||
| 300 |
_a317 pages ; _c19 cm. |
||
| 942 |
_2lcc _cBK _kFOR |
||
| 999 |
_c288863 _d288863 |
||